header

MUSICAL GAMES,FINGERPLAYS ANDRTHYMIC ACTIVITIES FOR EARLY CHILD WOOD (Record no. 252675)

MARC details
000 -LEADER
fixed length control field 00423nam a22001337a 4500
003 - CONTROL NUMBER IDENTIFIER
control field OSt
005 - DATE AND TIME OF LATEST TRANSACTION
control field 20160229112514.0
008 - FIXED-LENGTH DATA ELEMENTS--GENERAL INFORMATION
fixed length control field 160229b xxu||||| |||| 00| 0 eng d
040 ## - CATALOGING SOURCE
Transcribing agency N/A
100 ## - MAIN ENTRY--PERSONAL NAME
Relator code MARIAMWIRTH
245 ## - TITLE STATEMENT
Title MUSICAL GAMES,FINGERPLAYS ANDRTHYMIC ACTIVITIES FOR EARLY CHILD WOOD
260 ## - PUBLICATION, DISTRIBUTION, ETC. (IMPRINT)
Place of publication, distribution, etc WEST NYACK,NEW YORK
Name of publisher, distributor, etc PARKER PUBLISHING COMPANY,INC
Date of publication, distribution, etc 1983
942 ## - ADDED ENTRY ELEMENTS (KOHA)
Source of classification or shelving scheme Library of Congress Classification
Koha item type Long Loan Books
Classification part M1993.M9815 1983
Holdings
Withdrawn status Lost status Source of classification or shelving scheme Damaged status Not for loan Home library Current library Date acquired Total Checkouts Full call number Barcode Date last seen Price effective from Koha item type
    Library of Congress Classification     Rongo University Library Rongo University Library 29/02/2016   M1993.M9815 1983 201610312 29/02/2016 29/02/2016 Long Loan Books

© 2026 Rongo University
Contact us: librarian | system librarian | Rongo university